| 000 | 00662nam a2200313Ia 4500 | ||
|---|---|---|---|
| 001 | 1062 | ||
| 003 | 2162 | ||
| 005 | 20241011062604.0 | ||
| 008 | ||||||n9999 ||| || || | ||
| 041 | _aspa | ||
| 082 |
_219 _a301 |
||
| 100 |
_aGeorge, Pierre _920764 |
||
| 245 | 0 | _aGeografia social del mundo | |
| 260 |
_aEspaña : _bOikos-Tau, _c1971. |
||
| 300 | _a123p | ||
| 490 |
_aQue Sais-Je? _v54 |
||
| 562 | _e1 | ||
| 650 | 0 |
_aSociología _9884 |
|
| 942 | _cBKM | ||
| 942 | _cBKM | ||
| 999 |
_c1062 _d1062 |
||
| 526 | _a102618 | ||
| 526 | _a15794 | ||
| 526 | _a102619 | ||
| 526 | _a102620 | ||
| 526 | _a4969 | ||
| 526 | _a19790 | ||
| 526 | _a104436 | ||
| 526 | _a1703 | ||